|
|
|
|
| LEADER |
00896nam a2200253 a 4500 |
| 001 |
00006155 |
| 003 |
BD-DhAAL |
| 005 |
20231219140736.0 |
| 008 |
110722s1997 enk d 000 0 eng d |
| 010 |
|
|
|a 2005295355
|
| 020 |
|
|
|a 0198601719
|
| 040 |
|
|
|a HUA
|c HUA
|d DLC
|c BD-DhAAL
|
| 082 |
0 |
0 |
|a 423.12
|2 22
|
| 245 |
0 |
0 |
|a Oxford dictionary and thesaurus /
|c edited by Sara Tulloch.
|
| 260 |
|
|
|a Oxford ;
|a New York :
|b Oxford University Press,
|c 1997.
|
| 300 |
|
|
|a xxiv, 1870 pages ;
|c 26 cm.
|
| 541 |
1 |
|
|e 00006155
|
| 650 |
|
0 |
|a English language
|v Dictionaries.
|
| 650 |
|
0 |
|a English language
|x Synonyms and antonyms.
|
| 700 |
1 |
|
|a Sara, Tulloch.
|9 55846
|
| 852 |
4 |
|
|a Ayesha Abed Library
|c References
|
| 942 |
|
|
|2 ddc
|c BK
|
| 999 |
|
|
|c 11159
|d 11159
|
| 952 |
|
|
|0 0
|1 0
|2 ddc
|4 0
|6 423_120000000000000_OXF
|7 0
|9 17709
|a BRACUL
|b BRACUL
|c REF
|d 2011-08-02
|l 0
|o 423.12 OXF
|p 3010006155
|r 2011-08-02
|t 1
|w 2011-08-02
|y BK
|x Available
|